000 00478nam a2200169Ia 4500
005 20250923144322.0
008 008 250917s9999 xx 000 0 eng d
037 _aTextual
040 _aDSWL
_beng
_cDSWL
041 _aeng
_2eng
084 _aY, H6
_qDSWL
100 _aSprott, W.J.H.
_9823625
245 0 _aSocioogy
_cby W.J.H. Sprott
260 _aLondon
_bHutchinson University Library
_c1946
942 _cTEXL
_hY, H6
999 _c1437398
_d1437398